000 00685nam a2200289Ia 4500
005 20260324145408.0
008 008 260324s9999 xx 000 0 eng d
020 _a9780203728154
037 _aEBOOK
040 _aCRL
040 _beng
040 _cCRL
041 _2eng
041 _aeng
084 _qCRL
100 _aEarl A. Alluisi; Edwin A. Fleishman
_91222809
245 0 _aStress and Performance Effectiveness
245 0 _bVolume 3
260 _bTaylor and Francis
260 _c1982
365 _a
365 _b230
856 _uhttp://www.taylorfrancis.com/books/9780203728154
942 _cEBOOK
999 _c1830663
_d1830663